VLSI Technology (Record no. 7479)

MARC details
000 -LEADER
fixed length control field 00298nam a2200133Ia 4500
008 - FIXED-LENGTH DATA ELEMENTS--GENERAL INFORMATION
fixed length control field 191201s2011 xx 000 0 und d
100 ## - MAIN ENTRY--PERSONAL NAME
Personal name SZE, S.M.
245 #0 - TITLE STATEMENT
Title VLSI Technology
250 ## - EDITION STATEMENT
Edition statement Rep
260 ## - PUBLICATION, DISTRIBUTION, ETC. (IMPRINT)
Date of publication, distribution, etc 2011
Name of publisher, distributor, etc Tata Mc Graw Hill
Place of publication, distribution, etc N. Delhi
300 ## - PHYSICAL DESCRIPTION
Extent 676
650 ## - SUBJECT ADDED ENTRY--TOPICAL TERM
Topical term or geographic name as entry element ECE
942 ## - ADDED ENTRY ELEMENTS (KOHA)
Source of classification or shelving scheme Dewey Decimal Classification
Koha item type Book Bank
Holdings
Withdrawn status Lost status Source of classification or shelving scheme Damaged status Not for loan Collection code Home library Current library Date acquired Source of acquisition Cost, normal purchase price Bill Number Total Checkouts Acc. no. / Barcode Date last seen Bill Date Koha item type
    Dewey Decimal Classification     B.Tech(ECE) PIET C-LIBRARY PIET C-LIBRARY 08/10/2011 Valley Book House 399.00 173   BB7605 21/12/2019 08/10/2011 Book Bank
    Dewey Decimal Classification     B.Tech(ECE) PIET C-LIBRARY PIET C-LIBRARY 08/10/2011 Valley Book House 399.00 173   BB7606 17/12/2019 08/10/2011 Book Bank
    Dewey Decimal Classification     B.Tech(ECE) PIET C-LIBRARY PIET C-LIBRARY 08/10/2011 Valley Book House 399.00 173   BB7607 04/12/2019 08/10/2011 Book Bank
    Dewey Decimal Classification     B.Tech(ECE) PIET C-LIBRARY PIET C-LIBRARY 27/09/2012 IBH, New Delhi 450.00 12448   BB9696 23/12/2019 27/09/2012 Book Bank
    Dewey Decimal Classification     B.Tech(ECE) PIET C-LIBRARY PIET C-LIBRARY 27/09/2012 IBH, New Delhi 450.00 12448   BB9697 23/12/2019 27/09/2012 Book Bank
    Dewey Decimal Classification     B.Tech(ECE) PIET C-LIBRARY PIET C-LIBRARY 27/09/2012 IBH, New Delhi 450.00 12448   BB9698 04/12/2019 27/09/2012 Book Bank
    Dewey Decimal Classification     B.Tech(ECE) PIET C-LIBRARY PIET C-LIBRARY 27/09/2012 IBH, New Delhi 450.00 12448   BB9699 04/12/2019 27/09/2012 Book Bank
    Dewey Decimal Classification     B.Tech(ECE) PIET C-LIBRARY PIET C-LIBRARY 27/09/2012 IBH, New Delhi 450.00 12448   BB9700 20/12/2019 27/09/2012 Book Bank

Design & Developed by: PIET Central Library
R70 Miles Stone Pattikalyana Samalkha Panipat 132102
mail ID :- [email protected], Phone No:- 0180-2569700 Ex.216